| 000 | 00651pam a2200169 a 4500 | ||
|---|---|---|---|
| 999 |
_c6208 _d6208 |
||
| 020 | _a0534039995 | ||
| 050 | 0 | 0 |
_aQA76 _b.B39 |
| 100 | 1 | _aBehling, Robert, | |
| 245 | 1 | 0 |
_aComputers and information processing : _ban introduction / _cRobert Behling. |
| 260 |
_aBoston, Mass. : _bKent Pub. Co., _c1986. |
||
| 300 |
_axxiii, 680 p. : _bcol. ill. ; _c25 cm. |
||
| 500 | _aIncludes index. | ||
| 505 | _aPart I: Introduction. Part II: Technology. Part III: Software. Part VI: Systems development, use and management. Part V: Computers and society. Appendix. Glossary. | ||
| 650 | 0 | _aComputers. | |
| 650 | 0 | _aElectronic data processing. | |
| 942 | _cBK | ||